[Event "41. Open Ciutat de Badalona 2015 - B"]
[Site "Badalona ESP"]
[Date "2015.08.06"]
[Round "5.1"]
[White "Jover Font, Pau"]
[Black "Fernandez Martin, Javier"]
[Result "1-0"]
[WhiteElo "2145"]
[BlackElo "2059"]
[PlyCount "87"]
[EventDate "2015.08.02"]
[EventType "swiss"]
[EventRounds "9"]
[EventCountry "ESP"]
[SourceTitle "Ajedrez en Madrid"]
[Source "lmi"]
[SourceDate "2015.08.02"]
[SourceVersion "1"]
[SourceVersionDate "2018.07.18"]
[SourceQuality "1"]

1. e4 d5 2. exd5 Qxd5 3. Nc3 Qd6 4. g3 Nc6 5. Bg2 e5 6. d3 Nf6 7. Nf3 Bg4 8. h3
Bh5 9. g4 Bg6 10. Be3 O-O-O 11. Nd2 Qe6 12. Qf3 Bb4 13. O-O Bxc3 14. bxc3 e4
15. Qg3 exd3 16. cxd3 Bxd3 17. Rfe1 Rhe8 18. Nb3 Ne4 19. Qf3 Ne5 20. Qf4 g5 21.
Qh2 Qf6 22. Bd4 Nf3+ 23. Bxf3 Qxf3 24. Re3 Qf4 25. Qxf4 gxf4 26. Rxd3 c5 27. f3
c4 28. Rdd1 Ng5 29. Nd2 Re2 30. h4 Nh3+ 31. Kf1 Rh2 32. Nxc4 b5 33. Ne5 f6 34.
Nd3 b4 35. Rac1 Kb7 36. Nc5+ Ka8 37. cxb4 f5 38. Bg1 Rhd2 39. Rxd2 Rxd2 40.
gxf5 Rd5 41. f6 Rf5 42. Bd4 Rd5 43. f7 Rf5 44. Re1 1-0

[Event "41. Open Ciutat de Badalona 2015 - B"]
[Site "Badalona ESP"]
[Date "2015.08.06"]
[Round "5.2"]
[White "Petit Montes, Marc"]
[Black "Beaskoa Estany, Gabriel"]
[Result "0-1"]
[WhiteElo "2083"]
[BlackElo "2154"]
[PlyCount "118"]
[EventDate "2015.08.02"]
[EventType "swiss"]
[EventRounds "9"]
[EventCountry "ESP"]
[SourceTitle "Ajedrez en Madrid"]
[Source "lmi"]
[SourceDate "2015.08.02"]
[SourceVersion "1"]
[SourceVersionDate "2018.07.18"]
[SourceQuality "1"]

1. b3 e5 2. Bb2 Nc6 3. e3 d6 4. Bb5 Bd7 5. Nf3 Nf6 6. d4 e4 7. Nfd2 Ne7 8.
Bxd7+ Qxd7 9. c4 d5 10. cxd5 Nexd5 11. Ba3 Bxa3 12. Nxa3 O-O 13. O-O Qf5 14.
Ndc4 Rfe8 15. Ne5 c5 16. Nac4 Rad8 17. Qe1 cxd4 18. exd4 Nf4 19. Rd1 Qg5 20. g3
Ne6 21. Qe3 Nd5 22. Qxg5 Nxg5 23. h4 Ne6 24. Rfe1 Nc3 25. Rc1 Nxa2 26. Ra1 Nc3
27. Rxa7 f6 28. Ng4 Nxd4 29. Kg2 b5 30. Na5 Ra8 31. Rxa8 Rxa8 32. Nb7 Nxb3 33.
Ne3 Nd2 34. Nd6 Rd8 35. Rc1 b4 36. Ndc4 Nxc4 37. Nxc4 Kf7 38. Rc2 Ke6 39. Rb2
Rb8 40. Ne3 Ke5 41. Nc2 Nd5 42. f3 f5 43. Kf2 Kd6 44. Nd4 g6 45. Nb3 e3+ 46.
Ke1 Rc8 47. Ra2 Rc3 48. Ra6+ Ke5 49. Na5 Kd4 50. Nc6+ Kc5 51. Ne5 b3 52. Ra5+
Kd4 53. f4 Rc1+ 54. Ke2 Nc3+ 55. Kf3 b2 56. Nc6+ Kc4 57. Ne5+ Kb4 58. Ra8 b1=Q
59. Rb8+ Nb5 0-1

[Event "41. Open Ciutat de Badalona 2015 - B"]
[Site "Badalona ESP"]
[Date "2015.08.06"]
[Round "5.3"]
[White "Rojas Fernandez, Andres"]
[Black "Ramon Serrano, Fco. Javier"]
[Result "1/2-1/2"]
[WhiteElo "2092"]
[BlackElo "2163"]
[PlyCount "50"]
[EventDate "2015.08.02"]
[EventType "swiss"]
[EventRounds "9"]
[EventCountry "ESP"]
[SourceTitle "Ajedrez en Madrid"]
[Source "lmi"]
[SourceDate "2015.08.02"]
[SourceVersion "1"]
[SourceVersionDate "2018.07.18"]
[SourceQuality "1"]

1. e4 e6 2. d4 d5 3. Nd2 dxe4 4. Nxe4 Nd7 5. Nf3 Ngf6 6. Nxf6+ Nxf6 7. Bg5 Be7
8. Bd3 O-O 9. c3 b6 10. Ne5 Bb7 11. O-O c5 12. Be3 Nd5 13. Qc2 f5 14. Rae1 Bg5
15. f4 Nxe3 16. Rxe3 cxd4 17. Re2 Bf6 18. Bc4 Bd5 19. Bxd5 Qxd5 20. Rd1 Bxe5
21. Rxe5 Qxa2 22. Rxd4 Rad8 23. Ra4 Rd2 24. Qxd2 Qxa4 25. Rxe6 Qc4 1/2-1/2

[Event "41. Open Ciutat de Badalona 2015 - B"]
[Site "Badalona ESP"]
[Date "2015.08.06"]
[Round "5.4"]
[White "Masferrer Niubo, Enric"]
[Black "Castejon Ch, Diego"]
[Result "1/2-1/2"]
[WhiteElo "2155"]
[BlackElo "2116"]
[PlyCount "38"]
[EventDate "2015.08.02"]
[EventType "swiss"]
[EventRounds "9"]
[EventCountry "ESP"]
[SourceTitle "Ajedrez en Madrid"]
[Source "lmi"]
[SourceDate "2015.08.02"]
[SourceVersion "1"]
[SourceVersionDate "2018.07.18"]
[SourceQuality "1"]

1. e4 c5 2. Nc3 Nc6 3. g3 g6 4. Bg2 Bg7 5. d3 d6 6. Be3 e6 7. Qd2 Nge7 8. Nge2
Nd4 9. Nd1 O-O 10. c3 Nxe2 11. Qxe2 Nc6 12. O-O e5 13. c4 f5 14. exf5 gxf5 15.
Bd5+ Kh8 16. Qh5 Ne7 17. Bg5 Bf6 18. Bh6 Bg7 19. Bg5 Bf6 1/2-1/2

[Event "41. Open Ciutat de Badalona 2015 - B"]
[Site "Badalona ESP"]
[Date "2015.08.06"]
[Round "5.5"]
[White "Cervello Tost, Roger"]
[Black "Cano Sevila, Ivan"]
[Result "1/2-1/2"]
[WhiteElo "2132"]
[BlackElo "2099"]
[PlyCount "113"]
[EventDate "2015.08.02"]
[EventType "swiss"]
[EventRounds "9"]
[EventCountry "ESP"]
[SourceTitle "Ajedrez en Madrid"]
[Source "lmi"]
[SourceDate "2015.08.02"]
[SourceVersion "1"]
[SourceVersionDate "2018.07.18"]
[SourceQuality "1"]

1. e4 c5 2. d4 cxd4 3. c3 g6 4. Nf3 Bg7 5. Bc4 e6 6. cxd4 Ne7 7. Nc3 d5 8. exd5
Nxd5 9. Bg5 Nxc3 10. bxc3 Qa5 11. Qd2 Nc6 12. O-O O-O 13. Rfe1 Bd7 14. Rab1 Qc7
15. Bf4 Qc8 16. Qb2 Nxd4 17. cxd4 Qxc4 18. Rec1 Qa6 19. Qxb7 Qxb7 20. Rxb7 Bc8
21. Rbc7 Ba6 22. Bd6 Rfc8 23. h3 Bf6 24. R1c6 Bb7 25. Rxc8+ Rxc8 26. Rxc8+ Bxc8
27. Bc5 a6 28. a4 Bd7 29. a5 Bb5 30. Nd2 Bd3 31. f3 Bg5 32. Ne4 Be3+ 33. Kh2
Bxe4 34. fxe4 e5 35. Kg3 exd4 36. e5 Kg7 37. Kf3 Bg1 38. Ke4 d3 39. Bb4 Bc5 40.
Bc3 Kf8 41. Kxd3 Ke7 42. Kc4 Ba3 43. Kd5 Kd7 44. g4 Be7 45. Bd2 Ba3 46. Bc3 Be7
47. Be1 Ba3 48. h4 Be7 49. h5 Ba3 50. hxg6 hxg6 51. Bd2 Be7 52. Bc3 Bf8 53. Bd4
Bb4 54. Bb6 Bd2 55. Kc5 Be3+ 56. Kd5 Bd2 57. Kc5 1/2-1/2

[Event "41. Open Ciutat de Badalona 2015 - B"]
[Site "Badalona ESP"]
[Date "2015.08.06"]
[Round "5.6"]
[White "Garcia i Riera, Josep"]
[Black "Norte Garcia, Andrea"]
[Result "1-0"]
[WhiteElo "2085"]
[BlackElo "2118"]
[PlyCount "73"]
[EventDate "2015.08.02"]
[EventType "swiss"]
[EventRounds "9"]
[EventCountry "ESP"]
[SourceTitle "Ajedrez en Madrid"]
[Source "lmi"]
[SourceDate "2015.08.02"]
[SourceVersion "1"]
[SourceVersionDate "2018.07.18"]
[SourceQuality "1"]

1. d4 Nf6 2. c4 g6 3. Nc3 Bg7 4. e4 d6 5. Be2 O-O 6. Nf3 e5 7. O-O Nc6 8. d5
Ne7 9. Ne1 Nd7 10. Be3 f5 11. f3 f4 12. Bf2 g5 13. Nd3 Ng6 14. c5 Nf6 15. Rc1
Rf7 16. cxd6 cxd6 17. Nb5 g4 18. Qc2 g3 19. hxg3 fxg3 20. Bxg3 Nh5 21. Bf2 Bh6
22. Nc7 Bxc1 23. Rxc1 Rb8 24. Bxa7 Qg5 25. Ne6 Bxe6 26. dxe6 Rff8 27. Bxb8 Qe3+
28. Nf2 Rxb8 29. Rd1 Nhf4 30. Bf1 Qb6 31. Qb3 Qc7 32. g3 Nh5 33. Qd5 Nxg3 34.
Qxd6 Qxd6 35. Rxd6 Rc8 36. Bb5 Nh4 37. e7 1-0

[Event "41. Open Ciutat de Badalona 2015 - B"]
[Site "Badalona ESP"]
[Date "2015.08.06"]
[Round "5.8"]
[White "Palacios Peña, Gerardo"]
[Black "Valarezzo Ricard, Pedro"]
[Result "1-0"]
[WhiteElo "2152"]
[BlackElo "2049"]
[PlyCount "69"]
[EventDate "2015.08.02"]
[EventType "swiss"]
[EventRounds "9"]
[EventCountry "ESP"]
[SourceTitle "Ajedrez en Madrid"]
[Source "lmi"]
[SourceDate "2015.08.02"]
[SourceVersion "1"]
[SourceVersionDate "2018.07.18"]
[SourceQuality "1"]

1. Nf3 d5 2. c4 e6 3. g3 Nf6 4. Bg2 Be7 5. O-O Nbd7 6. Qc2 O-O 7. d4 c6 8. Nbd2
Re8 9. e4 dxe4 10. Nxe4 Nxe4 11. Qxe4 Nf6 12. Qc2 Qa5 13. a3 Nd7 14. c5 a6 15.
b4 Qd8 16. Bf4 Nf6 17. Rfd1 Nd5 18. Be3 Bf6 19. Ne5 Bxe5 20. dxe5 Qc7 21. Bd4
Rd8 22. Be4 g6 23. h4 Qe7 24. Bb2 Bd7 25. Bc1 Re8 26. Bg5 Qf8 27. h5 h6 28. Bf6
Nxf6 29. exf6 Red8 30. Qc3 Kh7 31. Rd6 Be8 32. Rad1 Rxd6 33. Rxd6 Qg8 34. Qe5
Kh8 35. hxg6 1-0

[Event "41. Open Ciutat de Badalona 2015 - B"]
[Site "Badalona ESP"]
[Date "2015.08.06"]
[Round "5.9"]
[White "Magallanes, Gustavo Javier"]
[Black "Martos Martin, Josep Angel"]
[Result "1-0"]
[WhiteElo "2146"]
[BlackElo "2045"]
[PlyCount "73"]
[EventDate "2015.08.02"]
[EventType "swiss"]
[EventRounds "9"]
[EventCountry "ESP"]
[SourceTitle "Ajedrez en Madrid"]
[Source "lmi"]
[SourceDate "2015.08.02"]
[SourceVersion "1"]
[SourceVersionDate "2018.07.18"]
[SourceQuality "1"]

1. e4 c5 2. Nf3 e6 3. d3 d5 4. Nbd2 Nc6 5. g3 Nf6 6. Bg2 dxe4 7. dxe4 e5 8. O-O
Be7 9. c3 Qc7 10. Qc2 Be6 11. Re1 O-O 12. Nf1 h6 13. Ne3 b5 14. Nh4 Rad8 15.
Nhf5 Rfe8 16. Qe2 Bxf5 17. Nxf5 b4 18. Be3 bxc3 19. Nxe7+ Qxe7 20. bxc3 Rc8 21.
Rab1 h5 22. Qb5 Nd8 23. Bg5 Ne6 24. Bxf6 Qxf6 25. Red1 Red8 26. Rd5 Kh7 27. Qc4
Rb8 28. Rbd1 Rb2 29. Rf1 g6 30. a4 Rdb8 31. h4 Rc2 32. Bh3 Rbb2 33. Bxe6 fxe6
34. Rd7+ Kh6 35. Qxc5 Qf3 36. Qxe5 Qxg3+ 37. Qxg3 1-0

[Event "41. Open Ciutat de Badalona 2015 - B"]
[Site "Badalona ESP"]
[Date "2015.08.06"]
[Round "5.10"]
[White "Martinez Talavera, Jordi"]
[Black "Martin Sanchez, Enric"]
[Result "0-1"]
[WhiteElo "2032"]
[BlackElo "2113"]
[PlyCount "54"]
[EventDate "2015.08.02"]
[EventType "swiss"]
[EventRounds "9"]
[EventCountry "ESP"]
[SourceTitle "Ajedrez en Madrid"]
[Source "lmi"]
[SourceDate "2015.08.02"]
[SourceVersion "1"]
[SourceVersionDate "2018.07.18"]
[SourceQuality "1"]

1. d4 Nf6 2. Nf3 b6 3. Bf4 e6 4. e3 Bd6 5. Ne5 Bb7 6. Nd2 Nc6 7. Ndf3 h6 8. a3
a5 9. h3 Be7 10. Bd3 Nxe5 11. Bxe5 d6 12. Bh2 Ne4 13. c4 g5 14. d5 Nc5 15. Bc2
Bf6 16. Rb1 a4 17. Nd4 exd5 18. cxd5 Bxd5 19. O-O Be4 20. Bxe4 Nxe4 21. Nf5 Nc5
22. Qd5 Ra5 23. Rfd1 Qa8 24. Qc4 Qe4 25. Nd4 O-O 26. Qe2 Bxd4 27. Rxd4 Qxb1+
0-1

[Event "41. Open Ciutat de Badalona 2015 - B"]
[Site "Badalona ESP"]
[Date "2015.08.07"]
[Round "6.1"]
[White "Romero Castejón, Daniel"]
[Black "Jover Font, Pau"]
[Result "1/2-1/2"]
[WhiteElo "2073"]
[BlackElo "2145"]
[PlyCount "68"]
[EventDate "2015.08.02"]
[EventType "swiss"]
[EventRounds "9"]
[EventCountry "ESP"]
[SourceTitle "Ajedrez en Madrid"]
[Source "lmi"]
[SourceDate "2015.08.02"]
[SourceVersion "1"]
[SourceVersionDate "2018.07.18"]
[SourceQuality "1"]

1. e4 e5 2. Nf3 Nc6 3. Bc4 Bc5 4. O-O Nf6 5. d4 Bxd4 6. Nxd4 Nxd4 7. Bg5 Ne6 8.
Bxe6 fxe6 9. f4 Qe7 10. Kh1 Qc5 11. Bxf6 gxf6 12. Qh5+ Ke7 13. Nc3 d6 14. Qh6
Rf8 15. Qxh7+ Rf7 16. Qg8 b5 17. fxe5 Qxe5 18. Rf5 Bb7 19. Rxe5 Rxg8 20. Rxb5
Bc6 21. Ra5 f5 22. Rxa7 Kd7 23. Rf1 Rfg7 24. g3 fxe4 25. Kg1 Rh8 26. Re1 d5 27.
b4 Kc8 28. Ra6 Kd7 29. Ra7 Kc8 30. Ra6 Kd7 31. Ra7 Ba8 32. Nb5 Kc6 33. Nd4+ Kb6
34. Ra5 e5 1/2-1/2

[Event "41. Open Ciutat de Badalona 2015 - B"]
[Site "Badalona ESP"]
[Date "2015.08.07"]
[Round "6.2"]
[White "Beaskoa Estany, Gabriel"]
[Black "Garcia i Riera, Josep"]
[Result "1-0"]
[WhiteElo "2154"]
[BlackElo "2085"]
[PlyCount "81"]
[EventDate "2015.08.02"]
[EventType "swiss"]
[EventRounds "9"]
[EventCountry "ESP"]
[SourceTitle "Ajedrez en Madrid"]
[Source "lmi"]
[SourceDate "2015.08.02"]
[SourceVersion "1"]
[SourceVersionDate "2018.07.18"]
[SourceQuality "1"]

1. e4 Nf6 2. e5 Nd5 3. d4 d6 4. c4 Nb6 5. exd6 cxd6 6. Nc3 g6 7. h3 Bg7 8. Nf3
O-O 9. Be2 Nc6 10. O-O e5 11. Bg5 f6 12. Be3 Bf5 13. dxe5 Nxe5 14. Nxe5 fxe5
15. Nb5 d5 16. cxd5 Qxd5 17. Qxd5+ Nxd5 18. Bc4 Be6 19. Rad1 Nc7 20. Nxc7 Bxc4
21. Nxa8 Bxf1 22. Kxf1 Rxa8 23. Rd7 b6 24. Ke2 Bf6 25. b3 h5 26. Kf3 Kf8 27.
Ke4 Ke8 28. Rh7 Kf8 29. Bh6+ Kg8 30. Rd7 b5 31. Kd5 a5 32. Ke6 Ra6+ 33. Rd6
Rxd6+ 34. Kxd6 Kf7 35. Bd2 b4 36. Be3 g5 37. Bb6 g4 38. hxg4 hxg4 39. Bxa5 e4
40. Kd5 g3 41. fxg3 1-0

[Event "41. Open Ciutat de Badalona 2015 - B"]
[Site "Badalona ESP"]
[Date "2015.08.07"]
[Round "6.3"]
[White "Ramon Serrano, Fco. Javier"]
[Black "Petit Montes, Marc"]
[Result "1-0"]
[WhiteElo "2163"]
[BlackElo "2083"]
[PlyCount "143"]
[EventDate "2015.08.02"]
[EventType "swiss"]
[EventRounds "9"]
[EventCountry "ESP"]
[SourceTitle "Ajedrez en Madrid"]
[Source "lmi"]
[SourceDate "2015.08.02"]
[SourceVersion "1"]
[SourceVersionDate "2018.07.18"]
[SourceQuality "1"]

1. d4 d5 2. Nf3 Nf6 3. Bg5 e6 4. c4 c6 5. cxd5 exd5 6. Nc3 Be7 7. Qc2 Bg4 8.
Ne5 Bh5 9. e3 Nbd7 10. Nxd7 Qxd7 11. Bd3 Qg4 12. f4 Bg6 13. O-O Bxd3 14. Qxd3
h6 15. h3 Qd7 16. Bh4 Ne4 17. Nxe4 Bxh4 18. Nc5 Qe7 19. Rac1 O-O 20. Rf3 Rac8
21. Qf5 Rfd8 22. g3 Bf6 23. g4 g6 24. Qc2 b6 25. Nd3 Qe4 26. Qd1 Be7 27. f5
gxf5 28. Nf2 Qe6 29. gxf5 Qd7 30. Ng4 Kh8 31. Nxh6 Bd6 32. Qe1 Rg8+ 33. Nxg8
Rxg8+ 34. Kh1 Qe7 35. Qe2 Qe4 36. Rg1 c5 37. Rxg8+ Kxg8 38. Qg2+ Kf8 39. f6
cxd4 40. exd4 Qxd4 41. Qc2 Bc5 42. Rf1 Qh4 43. Qf5 Kg8 44. Qg4+ Qxg4 45. hxg4
Kh7 46. Rf5 Kg6 47. Rxd5 Kxf6 48. Kg2 Ke6 49. Rf5 f6 50. Kf3 Bd4 51. b3 a6 52.
Ke4 Bc5 53. Rh5 Bd6 54. Rh6 Bf8 55. Rh8 Bc5 56. Re8+ Kd6 57. Ra8 a5 58. Kf5 Bd4
59. Rd8+ Kc5 60. Rxd4 Kxd4 61. Kxf6 Kc3 62. g5 Kb2 63. g6 Kxa2 64. g7 Kxb3 65.
g8=Q+ Kb4 66. Ke5 b5 67. Kd4 Ka3 68. Qg3+ Ka4 69. Qc3 b4 70. Qc5 b3 71. Kc4 b2
72. Qb5+ 1-0

[Event "41. Open Ciutat de Badalona 2015 - B"]
[Site "Badalona ESP"]
[Date "2015.08.07"]
[Round "6.4"]
[White "Rojas Fernandez, Andres"]
[Black "Masferrer Niubo, Enric"]
[Result "0-1"]
[WhiteElo "2092"]
[BlackElo "2155"]
[PlyCount "78"]
[EventDate "2015.08.02"]
[EventType "swiss"]
[EventRounds "9"]
[EventCountry "ESP"]
[SourceTitle "Ajedrez en Madrid"]
[Source "lmi"]
[SourceDate "2015.08.02"]
[SourceVersion "1"]
[SourceVersionDate "2018.07.18"]
[SourceQuality "1"]

1. e4 e5 2. Nf3 Nc6 3. Bb5 a6 4. Ba4 Nf6 5. O-O b5 6. Bb3 Be7 7. Re1 d6 8. c3
O-O 9. h3 Na5 10. Bc2 c5 11. d4 Nd7 12. Nbd2 exd4 13. cxd4 Nc6 14. d5 Nce5 15.
Nxe5 Nxe5 16. f4 Ng6 17. f5 Ne5 18. Nf3 Bf6 19. Kh1 Bd7 20. g4 Nxf3 21. Qxf3
Be5 22. Rg1 g6 23. Bh6 Re8 24. fxg6 fxg6 25. g5 Bxb2 26. Raf1 Qe7 27. Rg2 Bg7
28. Bxg7 Qxg7 29. Rgf2 Rf8 30. Qxf8+ Rxf8 31. Rxf8+ Qxf8 32. Rxf8+ Kxf8 33. h4
b4 34. Kg2 Bb5 35. Kf3 Bc4 36. Bb1 a5 37. Ke3 a4 38. Kd2 a3 39. Kc2 Ke7 0-1

[Event "41. Open Ciutat de Badalona 2015 - B"]
[Site "Badalona ESP"]
[Date "2015.08.07"]
[Round "6.5"]
[White "Palacios Peña, Gerardo"]
[Black "Colom Andres, Xavier"]
[Result "1-0"]
[WhiteElo "2152"]
[BlackElo "2065"]
[PlyCount "87"]
[EventDate "2015.08.02"]
[EventType "swiss"]
[EventRounds "9"]
[EventCountry "ESP"]
[SourceTitle "Ajedrez en Madrid"]
[Source "lmi"]
[SourceDate "2015.08.02"]
[SourceVersion "1"]
[SourceVersionDate "2018.07.18"]
[SourceQuality "1"]

1. Nf3 d5 2. c4 c6 3. e3 Bg4 4. cxd5 Bxf3 5. Qxf3 cxd5 6. Nc3 e6 7. Qg3 Nf6 8.
b3 a6 9. Bb2 Qd6 10. Na4 Nbd7 11. Rc1 b5 12. Nc3 Qxg3 13. hxg3 Bd6 14. f4 O-O
15. Be2 Rfc8 16. d3 e5 17. Bf3 Nb6 18. Kf2 Rc7 19. Nb1 e4 20. Bxf6 exf3 21. Bd4
fxg2 22. Kxg2 Rac8 23. Rxc7 Bxc7 24. Rc1 Bd8 25. Rxc8 Nxc8 26. Nc3 Ne7 27. Bc5
f5 28. Bxe7 Bxe7 29. Nxd5 Bd8 30. e4 fxe4 31. dxe4 Kf7 32. Kf3 Ke6 33. Nb4 a5
34. Nd3 b4 35. f5+ Kf7 36. e5 Be7 37. g4 h6 38. Ke4 g6 39. Nf4 gxf5+ 40. gxf5
Bd8 41. Nh5 Bg5 42. Kd5 Bh4 43. Kd6 Be7+ 44. Kd7 1-0

[Event "41. Open Ciutat de Badalona 2015 - B"]
[Site "Badalona ESP"]
[Date "2015.08.07"]
[Round "6.6"]
[White "Cano Sevila, Ivan"]
[Black "Magallanes, Gustavo Javier"]
[Result "1/2-1/2"]
[WhiteElo "2099"]
[BlackElo "2146"]
[PlyCount "110"]
[EventDate "2015.08.02"]
[EventType "swiss"]
[EventRounds "9"]
[EventCountry "ESP"]
[SourceTitle "Ajedrez en Madrid"]
[Source "lmi"]
[SourceDate "2015.08.02"]
[SourceVersion "1"]
[SourceVersionDate "2018.07.18"]
[SourceQuality "1"]

1. d4 Nf6 2. Bf4 g6 3. Nf3 Bg7 4. h3 d6 5. e3 O-O 6. Be2 Nfd7 7. c3 e5 8. dxe5
dxe5 9. Bh2 Qe7 10. O-O Nc6 11. Nbd2 f5 12. Qc2 Kh8 13. Rad1 b6 14. Bb5 Bb7 15.
Qa4 Nc5 16. Qa3 a6 17. Bxc6 Bxc6 18. Ne1 Rad8 19. Nc2 Qg5 20. f3 Rd7 21. h4
Qxh4 22. Nb4 Bb7 23. Nb3 Rxd1 24. Rxd1 Nxb3 25. axb3 Qg5 26. Kf1 Qxe3 27. Re1
Qc5 28. Nc2 Qxa3 29. Nxa3 e4 30. Bxc7 b5 31. Kf2 Rc8 32. Bf4 Rd8 33. Nc2 h6 34.
Rh1 Kh7 35. Nd4 Bxd4+ 36. cxd4 Rxd4 37. Rxh6+ Kg7 38. Be5+ Kxh6 39. Bxd4 f4 40.
fxe4 Bxe4 41. b4 g5 42. Be5 Kg6 43. Bc3 Kf5 44. g3 f3 45. Bh8 Bd5 46. Bc3 Ke4
47. Bh8 Kd3 48. Bg7 Kc4 49. Bc3 Kb3 50. Ke3 Kc2 51. Kf2 g4 52. Be5 Be4 53. Bh8
Kb3 54. Bc3 Bd3 55. Ke3 Be4 1/2-1/2

[Event "41. Open Ciutat de Badalona 2015 - B"]
[Site "Badalona ESP"]
[Date "2015.08.07"]
[Round "6.7"]
[White "Fernandez Martin, Javier"]
[Black "Cervello Tost, Roger"]
[Result "0-1"]
[WhiteElo "2059"]
[BlackElo "2132"]
[PlyCount "102"]
[EventDate "2015.08.02"]
[EventType "swiss"]
[EventRounds "9"]
[EventCountry "ESP"]
[SourceTitle "Ajedrez en Madrid"]
[Source "lmi"]
[SourceDate "2015.08.02"]
[SourceVersion "1"]
[SourceVersionDate "2018.07.18"]
[SourceQuality "1"]

1. e4 e5 2. Nc3 Nf6 3. g3 d5 4. exd5 Nxd5 5. Bg2 Nxc3 6. bxc3 Nc6 7. Ne2 Be6 8.
d3 Bd5 9. O-O Bc5 10. c4 Bxg2 11. Kxg2 O-O 12. Rb1 f5 13. f4 e4 14. dxe4 fxe4
15. Qd5+ Qxd5 16. cxd5 Nb4 17. Ba3 a5 18. c3 Nd3 19. Bxc5 Nxc5 20. c4 Rfe8 21.
Nc3 Rad8 22. Rfe1 Rd7 23. Rb5 b6 24. Re3 Kf7 25. Ne2 Nb7 26. Rb1 Nd6 27. Rc3 e3
28. Nd4 Kf6 29. Nf3 Re4 30. Ne5 Re7 31. Kf3 g5 32. Re1 gxf4 33. gxf4 Kf5 34.
Rcxe3 Rxf4+ 35. Kg2 Ne4 36. Nf3 Rg7+ 37. Kf1 Nd2+ 38. Kf2 Nxc4 39. Re7 Rxe7 40.
Rxe7 Kf6 41. Rxc7 Ne5 42. Rc3 Rxf3+ 43. Rxf3+ Nxf3 44. Kxf3 Ke5 45. Ke3 Kxd5
46. Kd3 b5 47. Kc3 Ke4 48. h3 h5 49. h4 Ke3 50. a3 Ke4 51. Kb3 Kf4 0-1

[Event "41. Open Ciutat de Badalona 2015 - B"]
[Site "Badalona ESP"]
[Date "2015.08.07"]
[Round "6.8"]
[White "Moreno Perez, Norberto"]
[Black "Castejon Ch, Diego"]
[Result "1/2-1/2"]
[WhiteElo "2055"]
[BlackElo "2116"]
[PlyCount "119"]
[EventDate "2015.08.02"]
[EventType "swiss"]
[EventRounds "9"]
[EventCountry "ESP"]
[SourceTitle "Ajedrez en Madrid"]
[Source "lmi"]
[SourceDate "2015.08.02"]
[SourceVersion "1"]
[SourceVersionDate "2018.07.18"]
[SourceQuality "1"]

1. e4 c5 2. Nf3 d6 3. Bc4 e6 4. O-O a6 5. a4 Nf6 6. Re1 Be7 7. d3 O-O 8. h3 Nc6
9. c3 Bd7 10. Nbd2 Qc7 11. Nf1 Rab8 12. Ng3 b5 13. axb5 axb5 14. Bb3 b4 15. Bc2
Ra8 16. Rxa8 Rxa8 17. d4 Ra1 18. e5 Nd5 19. c4 Nf4 20. exd6 Bxd6 21. dxc5 Nxh3+
22. Kh2 Bxg3+ 23. fxg3 Nf2 24. Qd6 Qc8 25. Kg1 Ng4 26. Rd1 h6 27. Be4 Nf6 28.
Bxc6 Bxc6 29. Ne5 Ba4 30. Rf1 Ne4 31. Qe7 Qxc5+ 32. Qxc5 Nxc5 33. Be3 Rxf1+ 34.
Kxf1 Nd7 35. Nd3 Bb3 36. c5 Bc4 37. Ke2 Ne5 38. Kd2 Bxd3 39. Bd4 Bb5 40. Bxe5
f6 41. Bc7 Bc4 42. Ba5 b3 43. c6 Kf7 44. c7 Ba6 45. Kc3 Ke8 46. Kxb3 Kd7 47.
Kc3 Bb7 48. b4 Bxg2 49. Kc4 h5 50. Kc5 g5 51. c8=Q+ Kxc8 52. Kd6 Bd5 53. Bb6
Kb7 54. Bd8 h4 55. gxh4 gxh4 56. Bxf6 h3 57. Be5 Kb6 58. Ke7 Kb5 59. Bd6 Kc4
60. Kf6 1/2-1/2

[Event "41. Open Ciutat de Badalona 2015 - B"]
[Site "Badalona ESP"]
[Date "2015.08.07"]
[Round "6.9"]
[White "Martin Sanchez, Enric"]
[Black "Sumelzo Lozano, Josep"]
[Result "1-0"]
[WhiteElo "2113"]
[BlackElo "2020"]
[PlyCount "97"]
[EventDate "2015.08.02"]
[EventType "swiss"]
[EventRounds "9"]
[EventCountry "ESP"]
[SourceTitle "Ajedrez en Madrid"]
[Source "lmi"]
[SourceDate "2015.08.02"]
[SourceVersion "1"]
[SourceVersionDate "2018.07.18"]
[SourceQuality "1"]

1. e4 c6 2. Nf3 d5 3. Nc3 dxe4 4. Ng5 Nf6 5. Bc4 e6 6. Ngxe4 Nxe4 7. Nxe4 Nd7
8. d3 Nf6 9. Nxf6+ Qxf6 10. c3 Bd6 11. Be3 O-O 12. Qe2 b6 13. O-O-O b5 14. Bb3
a5 15. d4 Bf4 16. Bc2 Bb7 17. g3 Bxe3+ 18. fxe3 Qe7 19. Rhf1 Rfd8 20. Rf4 g6
21. Rdf1 Rf8 22. h4 c5 23. h5 e5 24. Rf6 exd4 25. cxd4 cxd4 26. hxg6 hxg6 27.
e4 Rac8 28. R1f4 Rc6 29. Rxc6 Bxc6 30. e5 a4 31. Rf6 Re8 32. Rxc6 Qxe5 33. Qxe5
Rxe5 34. Rd6 Re1+ 35. Kd2 Ra1 36. a3 Rg1 37. Rxd4 Rxg3 38. Rb4 Rg2+ 39. Kc3
Rg3+ 40. Bd3 f5 41. Rxb5 f4 42. Rb4 g5 43. Kd2 Rg2+ 44. Ke1 f3 45. Bb5 g4 46.
Bf1 Rc2 47. Rxg4+ Kh8 48. Rb4 Kg7 49. Bb5 1-0

[Event "41. Open Ciutat de Badalona 2015 - B"]
[Site "Badalona ESP"]
[Date "2015.08.07"]
[Round "6.10"]
[White "Salazar Navas, Josep"]
[Black "Alfonso Nogue, Beatriz"]
[Result "0-1"]
[WhiteElo "1926"]
[BlackElo "2162"]
[PlyCount "48"]
[EventDate "2015.08.02"]
[EventType "swiss"]
[EventRounds "9"]
[EventCountry "ESP"]
[SourceTitle "Ajedrez en Madrid"]
[Source "lmi"]
[SourceDate "2015.08.02"]
[SourceVersion "1"]
[SourceVersionDate "2018.07.18"]
[SourceQuality "1"]

1. e4 e5 2. d4 exd4 3. Nf3 Nc6 4. c3 Qe7 5. cxd4 Qxe4+ 6. Be2 Bb4+ 7. Nc3 d5 8.
O-O Qf5 9. Bd3 Qh5 10. Bf4 Bg4 11. Bxc7 Bxf3 12. gxf3 Rc8 13. Bg3 Nge7 14. a3
Ba5 15. Nb5 O-O 16. Nd6 Rc7 17. Rc1 Rd7 18. Kg2 f5 19. Be5 Bc7 20. Nb5 Bxe5 21.
dxe5 Nxe5 22. Be2 N7g6 23. Qd2 Nh4+ 24. Kg3 f4+ 0-1

[Event "41. Open Ciutat de Badalona 2015 - B"]
[Site "Badalona ESP"]
[Date "2015.08.08"]
[Round "7.1"]
[White "Jover Font, Pau"]
[Black "Beaskoa Estany, Gabriel"]
[Result "1/2-1/2"]
[WhiteElo "2145"]
[BlackElo "2154"]
[PlyCount "90"]
[EventDate "2015.08.02"]
[EventType "swiss"]
[EventRounds "9"]
[EventCountry "ESP"]
[SourceTitle "Ajedrez en Madrid"]
[Source "lmi"]
[SourceDate "2015.08.02"]
[SourceVersion "1"]
[SourceVersionDate "2018.07.18"]
[SourceQuality "1"]

1. e4 c5 2. Nc3 Nc6 3. f4 d6 4. Nf3 Nf6 5. d3 Bg4 6. Be2 e6 7. O-O Be7 8. h3
Bxf3 9. Bxf3 Nd4 10. e5 dxe5 11. fxe5 Nd7 12. Bxb7 Rb8 13. Ba6 O-O 14. Ne4 Rb6
15. Bc4 Nxe5 16. Bb3 f5 17. Ng3 Bg5 18. Kh1 Bxc1 19. Qxc1 Qd6 20. Qf4 Ng6 21.
Qf2 Nxb3 22. axb3 a6 23. Ra5 Rc6 24. Ne2 Ne7 25. Qf4 Qxf4 26. Rxf4 Nd5 27. Rfa4
Nb4 28. d4 Nxc2 29. dxc5 e5 30. b4 Rfc8 31. Rxa6 Rxa6 32. Rxa6 Nxb4 33. Rb6 Nd5
34. Rb5 Kf7 35. b4 Ke6 36. Rb7 Rc7 37. Rxc7 Nxc7 38. Nc3 Na6 39. Na2 Kd5 40.
Kg1 Kc4 41. Kf2 Nc7 42. Kf3 Ne6 43. Ke3 e4 44. g4 g6 45. gxf5 gxf5 1/2-1/2